[Event "38th Olympiad"]
[Site "Dresden GER"]
[Date "2008.11.19"]
[Round "6"]
[White "Annurudha,G"]
[Black "Daniel,K"]
[Result "1/2-1/2"]
[WhiteElo "2212"]
[BlackElo "2001"]
[EventDate "2008.11.13"]

1. e4 e6 2. d4 d5 3. Nd2 Nf6 4. e5 Nfd7 5. Bd3 c5 6. c3 cxd4 7. cxd4 Nc6 8.
Ne2 f6 9. exf6 Nxf6 10. O-O Bd6 11. Nf3 Qc7 12. Nc3 a6 13. Re1 O-O 14. Bg5
Ng4 15. h3 Bh2+ 16. Kf1 Nxf2 17. Bxh7+ Kxh7 18. Qc2+ Kg8 19. Qxf2 Bd7 20.
Re2 Rf7 21. Qe3 Raf8 22. Ke1 Qg3+ 23. Rf2 Nxd4 24. Qxd4 Rxf3 25. gxf3 Bg1
26. f4 Qxh3 27. Rd1 Bc6 28. Qd3 Bxf2+ 29. Kxf2 Qh2+ 30. Ke1 d4 31. Qxd4 Bf3
32. Rd3 Qh1+ 33. Kd2 Rc8 34. Qf2 Bd5 35. Rxd5 exd5 36. Qd4 Qh2+ 37. Kc1 Re8
38. Qxd5+ Kh8 39. Qd2 Qh1+ 40. Kc2 b5 41. a3 Qc6 42. Qd5 Qb6 43. Qf7 Qe6
44. Qxe6 Rxe6 45. Kb3 Kg8 46. Kb4 Kf7 47. Kc5 Ke8 48. Kd5 Re1 49. f5 Rf1
50. Ke5 Rf2 51. b4 Rc2 52. Nd5 Kf7 53. Be3 Ra2 54. Bb6 Rxa3 55. Nc7 Rc3 56.
Bc5 Ra3 57. Bb6 Rc3 58. Ne6 Ra3 59. Nc7 Rc3 60. Ne6 Ra3 61. Nc5 Ra2 62. Ne4
Re2 63. Bd4 Rc2 64. Kd5 Rc1 65. Ng5+ Kg8 66. Ne6 Rc4 67. Bc5 Kf7 68. Ke5
Rc1 69. Ng5+ Ke8 70. Ne4 Re1 71. Kd5 Re2 72. Nd6+ Kd7 73. Bd4 Rd2 74. Ne4
Rg2 75. Nc5+ Ke7 76. Nxa6 Rg5 77. Ke4 Rg4+ 78. Ke5 Kf7 79. Nc7 g6 80. fxg6+
Rxg6 81. Bc5 Rg5+ 82. Kd6 Rg6+ 83. Kd7 Rg2 84. Kc6 Rb2 85. Kxb5 Kg6 86. Kc6
Kf5 87. b5 Ke4 88. b6 Rxb6+ 89. Bxb6 Ke5 90. Nb5 Ke4 91. Bd4 Kf5 92. Kd5
Kf4 93. Nc3 Kf3 94. Ke5 Kg4 95. Be3 Kf3 96. Kd4 Kg4 97. Ke4 Kg3 98. Ne2+
Kg2 99. Bd4 Kf1 100. Kf3 Ke1 101. Bc3+ Kf1 102. Nf4 Kg1 103. Kg3 Kh1 104.
Be5 Kg1 105. Nh3+ Kh1 106. Nf2+ Kg1 107. Kf3 Kf1 108. Bh2 Ke1 109. Bf4 Kf1
110. Nh3 Ke1 111. Be3 Kd1 112. Nf4 Kc2 113. Ke2 Kc3 114. Kf3 Kc4 115. Ke4
Kc3 116. Ne2+ Kc4 117. Bd4 Kb5 118. Kd5 Ka6 119. Kc6 Ka5 120. Bc5 Ka4 121.
Nd4 Ka5 122. Ne6 Ka4 123. Bf2 Kb4 124. Kd5 Kc3 125. Nd4 Kd3 126. Bg1 Kd2
127. Bf2 Kd3 128. Bg1 Kd2 129. Ke4 Kc3 130. Kd5 Kd3 131. Bf2 Kc3 132. Kc5
Kd3 133. Kd5 Kc3 134. Be1+ Kd3 135. Bf2 Kc3 136. Be3 Kd3 137. Bg5 Kc3 138.
Bc1 Kd3 139. Bg5 Kc3 140. Nf3 Kd3 141. Ng1 1/2-1/2

[Event "38th Olympiad"]
[Site "Dresden GER"]
[Date "2008.11.19"]
[Round "6"]
[White "Kawuma,S"]
[Black "Dill,J"]
[Result "1-0"]
[WhiteElo "2156"]
[BlackElo "2093"]
[EventDate "2008.11.13"]

1. e4 c5 2. Nf3 e6 3. d4 cxd4 4. Nxd4 a6 5. Bd3 d6 6. O-O Nf6 7. Nc3 Be7 8.
Be3 b5 9. a4 b4 10. Na2 Bb7 11. f3 a5 12. Bb5+ Nfd7 13. c3 bxc3 14. Nxc3
O-O 15. Qe2 Ne5 16. f4 Nec6 17. Nb3 Nb4 18. Rfd1 Qc7 19. Rac1 N8c6 20. f5
Bf6 21. fxe6 fxe6 22. Bc4 Qe7 23. Nb5 Be5 24. Qg4 Rae8 25. Bg5 Qd7 26. Nc5
Qf7 27. Rf1 Qg6 28. Rxf8+ Kxf8 29. Nxb7 d5 30. Be2 Nd4 31. Nxd4 Bxd4+ 32.
Kh1 Bxb2 33. Rf1+ Kg8 34. Nxa5 d4 35. Nc4 d3 36. Bd1 Bc3 37. Nd6 Rf8 38.
Rxf8+ Kxf8 39. a5 d2 40. Qf3+ Bf6 41. Bxd2 Na6 42. Qg4 1-0

[Event "38th Olympiad"]
[Site "Dresden GER"]
[Date "2008.11.19"]
[Round "6"]
[White "Miller,B"]
[Black "Kawuma,M"]
[Result "0-1"]
[WhiteElo "1741"]
[BlackElo "2204"]
[EventDate "2008.11.13"]

1. e4 c5 2. d4 cxd4 3. Qxd4 Nc6 4. Qe3 Nf6 5. Bd3 e5 6. Nc3 Bb4 7. Bd2 O-O
8. Nge2 d6 9. O-O Be6 10. Kh1 Qd7 11. f4 Bc5 12. Qg3 exf4 13. Nxf4 Kh8 14.
Ncd5 Bd4 15. Bc3 Bxc3 16. bxc3 Bxd5 17. exd5 Ne5 18. c4 Qg4 19. Qf2 Rfe8
20. Rae1 b6 21. Re3 Nxd3 22. Rxe8+ Rxe8 23. cxd3 Re5 24. h3 Qg5 25. Ne2 Qe3
26. Qxe3 Rxe3 27. Nc1 Kg8 28. Kg1 b5 29. Kf2 Re7 30. Re1 Rc7 31. g4 bxc4
32. g5 Nd7 33. Re8+ Nf8 34. Rd8 cxd3 35. Nxd3 Rd7 36. Rxd7 Nxd7 37. Kf3 f6
38. gxf6 Nxf6 39. Nb4 a5 40. Nc6 a4 41. Nb4 Kf7 42. a3 g5 43. Ke3 h5 44.
Kf3 Kg6 0-1

[Event "38th Olympiad"]
[Site "Dresden GER"]
[Date "2008.11.19"]
[Round "6"]
[White "Pesqueira,J"]
[Black "Lin Chung Yu Lee"]
[Result "1/2-1/2"]
[WhiteElo "1985"]
[BlackElo "1674"]
[EventDate "2008.11.13"]

1. d4 Nf6 2. e3 d5 3. Bd3 e6 4. c3 Be7 5. Nd2 c5 6. f4 b6 7. Ngf3 Bb7 8.
Ne5 Nbd7 9. O-O O-O 10. Qf3 Qc7 11. g4 Rfe8 12. g5 Ne4 13. Nxe4 dxe4 14.
Bxe4 Bxe4 15. Qxe4 Nxe5 16. dxe5 Rad8 17. Qc2 c4 18. Bd2 Rd3 19. Rae1 Red8
20. Bc1 Bc5 21. Qe2 Qc6 22. Rd1 Qe4 23. Rxd3 Rxd3 24. Rf3 b5 25. h4 a5 26.
a3 b4 27. axb4 axb4 28. cxb4 Bxb4 29. Kg2 Bc5 30. Kg3 Bb4 31. Rf1 Qd5 32.
Qf3 Qd8 33. h5 Bd2 34. Bxd2 Rxd2 35. Rf2 f5 36. Rxd2 Qxd2 37. Qa8+ Kf7 38.
Qb7+ Ke8 39. Qc8+ Ke7 40. Qc7+ Ke8 41. Qc8+ Ke7 42. Qc7+ Ke8 43. Qc8+
1/2-1/2

[Event "38th Olympiad"]
[Site "Dresden GER"]
[Date "2008.11.19"]
[Round "6"]
[White "Lopez,Jus"]
[Black "Ho Men Wei"]
[Result "1-0"]
[WhiteElo "1948"]
[BlackElo "1550"]
[EventDate "2008.11.13"]

1. e4 e5 2. Nf3 Nc6 3. Bb5 a6 4. Ba4 Nf6 5. O-O b5 6. Bb3 Bc5 7. Nxe5 Nxe5
8. d4 Bxd4 9. Qxd4 d6 10. c3 O-O 11. Bg5 h6 12. Bh4 Ng6 13. Bxf6 Qxf6 14.
Qxf6 gxf6 15. Nd2 f5 16. Rfe1 Ne5 17. Bc2 fxe4 18. Bxe4 Rb8 19. b3 Bb7 20.
f4 Bxe4 21. Nxe4 Nd7 22. Rad1 Rfe8 23. g4 Re6 24. Ng3 Rbe8 25. Rxe6 Rxe6
26. Kf2 Nf6 27. Kf3 Kf8 28. Nf5 Ne4 29. Rd3 Nc5 30. Re3 Rf6 31. Ng3 Re6 32.
Nf5 Rf6 33. Nd4 Ne6 34. Nxe6+ Rxe6 35. Rxe6 fxe6 36. Ke4 Kf7 37. h4 Kf6 38.
g5+ Kg6 39. b4 c6 40. a3 h5 41. Kd4 Kf5 42. c4 e5+ 43. fxe5 dxe5+ 44. Kd3
Ke6 45. cxb5 cxb5 46. Ke4 Kd6 47. Kf5 e4 48. Kxe4 Ke6 49. Kf4 Kf7 50. Kf5
Kg7 51. Ke6 Kg6 52. Kd6 Kf5 53. Kc6 Kg6 54. Kb6 Kf7 55. Kxa6 Ke6 56. Kxb5
Ke5 57. a4 Kd5 58. a5 Kd6 59. a6 Kc7 60. g6 Kb8 61. Kc6 Ka8 62. b5 Ka7 63.
g7 Kb8 64. b6 Kc8 65. g8=R+ 1-0

[Event "38th Olympiad"]
[Site "Dresden GER"]
[Date "2008.11.19"]
[Round "6"]
[White "Ho Hou Meng,H"]
[Black "Gerard,F"]
[Result "1-0"]
[WhiteElo "1926"]
[BlackElo "2170"]
[EventDate "2008.11.13"]

1. c4 Nf6 2. Nc3 c5 3. g3 g6 4. Bg2 Bg7 5. e3 Nc6 6. d4 cxd4 7. exd4 O-O 8.
Nge2 d6 9. O-O Bg4 10. Be3 Qc8 11. Re1 Rd8 12. Qd2 e5 13. b3 Bh3 14. Bg5
Bxg2 15. Kxg2 Qf5 16. Bxf6 Bxf6 17. Nd5 Bg5 18. f4 Qe4+ 19. Kf2 exf4 20.
Ndxf4 Re8 21. Rad1 Qf5 22. Nc3 Bh6 23. Qd3 Bxf4 24. Qxf5 Bxg3+ 25. hxg3
gxf5 26. Nb5 Rxe1 27. Rxe1 Rd8 28. d5 Ne5 29. Kg2 f6 30. Nd4 Kf7 31. Nxf5
Kg6 32. Nd4 h5 33. Nb5 a6 34. Nd4 Rg8 35. Ne6 Rh8 36. Re4 Rc8 37. Nf4+ Kg5
38. Ne6+ Kg6 39. Rh4 Rh8 40. Nf4+ Kg5 41. Ne6+ Kg6 42. Re4 Rc8 43. a4 a5
44. Kf1 b6 45. Ke2 Rh8 46. Nd4 Rc8 47. Nb5 Rd8 48. Kd2 Kf5 49. Rf4+ Kg6 50.
Kc3 Kf7 51. Nd4 Rc8 52. Nf5 Rd8 53. Rh4 Kg6 54. Nd4 Rc8 55. Ne6 Rh8 56. b4
Nf3 57. Re4 Ne5 58. Nd4 f5 59. Rf4 axb4+ 60. Kb3 Rf8 61. Nc6 Nd3 62. Rf3
Nc5+ 63. Kxb4 Ra8 64. Ne7+ Kf6 65. Nxf5 Rxa4+ 66. Kb5 Ke5 67. Nxd6 Kxd6 68.
Rf6+ Kc7 69. Rc6+ Kd7 70. Rxb6 Ra3 71. Kxc5 Rxg3 72. Rb7+ Kc8 73. Rh7 Rg5
74. Kc6 1-0

[Event "38th Olympiad"]
[Site "Dresden GER"]
[Date "2008.11.19"]
[Round "6"]
[White "Matoewi,R"]
[Black "Phillips,R"]
[Result "0-1"]
[WhiteElo "2182"]
[BlackElo "2250"]
[EventDate "2008.11.13"]

1. d4 Nf6 2. e3 g6 3. Bd3 Bg7 4. f4 O-O 5. Nf3 d5 6. O-O b6 7. Nbd2 c5 8.
c3 Ba6 9. Bxa6 Nxa6 10. Ne5 Nc7 11. Rf3 Nce8 12. Rh3 Nd6 13. Ndf3 e6 14.
Bd2 Nfe4 15. Qe2 f6 16. Ng4 Nf7 17. Rf1 Qe7 18. Be1 Qd7 19. Nd2 Nfd6 20.
Nxe4 Nxe4 21. Nf2 Nd6 22. Qg4 f5 23. Qe2 Qa4 24. b3 Qb5 25. Qd1 a5 26. Nd3
c4 27. Ne5 Bxe5 28. fxe5 Ne4 29. g4 cxb3 30. Qxb3 Qxb3 31. axb3 fxg4 32.
Rxf8+ Rxf8 33. Rh4 h5 34. h3 Ng5 35. hxg4 Nf3+ 36. Kh1 Nxh4 37. Bxh4 Rf1+
0-1

[Event "38th Olympiad"]
[Site "Dresden GER"]
[Date "2008.11.19"]
[Round "6"]
[White "Siban,M"]
[Black "Chinasamy,D"]
[Result "1/2-1/2"]
[WhiteElo "2067"]
[BlackElo "2086"]
[EventDate "2008.11.13"]

1. e4 c5 2. Nf3 g6 3. Nc3 Bg7 4. Bc4 Nc6 5. h4 h5 6. d3 Nf6 7. Ng5 O-O 8.
Be3 b6 9. f3 Na5 10. Bb3 Nxb3 11. axb3 d5 12. Bf4 Re8 13. e5 Nh7 14. Nxh7
Kxh7 15. Qe2 a5 16. g4 Be6 17. Qg2 Rg8 18. gxh5 gxh5 19. Qg5 Rh8 20. Rg1
Qf8 21. Qxh5+ Kg8 22. Qg5 Rh7 23. h5 Kh8 24. Qh4 Bh6 25. Bg5 Bxg5 26. Qxg5
Qh6 27. Qxh6 Rxh6 28. Rh1 Rg8 29. Kf2 Rg5 30. f4 Rgxh5 31. Rxh5 Rxh5 32.
Rg1 Rh4 33. Kf3 Rh2 34. Rg2 Rh1 35. Kg3 Rh3+ 36. Kf2 Rh4 37. Kf3 Bd7 38.
Rg1 Rh2 39. Rg2 Rh1 40. Kg3 Rh3+ 41. Kf2 Rh4 42. Kf3 Be6 43. Rg1 Rh2 44.
Rg2 Rh3+ 45. Kf2 Rh4 1/2-1/2

[Event "38th Olympiad"]
[Site "Dresden GER"]
[Date "2008.11.19"]
[Round "6"]
[White "Li Ying,P"]
[Black "Veer,W"]
[Result "1-0"]
[WhiteElo "2153"]
[BlackElo "1959"]
[EventDate "2008.11.13"]

1. Nf3 d5 2. d4 Nf6 3. Bf4 e6 4. e3 c5 5. c3 Nc6 6. Nbd2 Qb6 7. Qb1 Nh5 8.
Bg5 h6 9. Bh4 Bd7 10. Be2 Nf6 11. O-O Bd6 12. a4 Qc7 13. dxc5 Bxc5 14. b4
Bd6 15. Rc1 Rc8 16. b5 Ne5 17. c4 Nxf3+ 18. Nxf3 g5 19. Bg3 Bxg3 20. hxg3
O-O 21. cxd5 Qxc1+ 22. Qxc1 Rxc1+ 23. Rxc1 Nxd5 24. e4 Nf6 25. Rc7 Bc8 26.
Bd3 Ng4 27. e5 Rd8 28. Bc2 a5 29. Kf1 f6 30. Bb3 Kf8 31. exf6 Nxf6 32. Ne5
Nd5 33. Ng6+ Ke8 34. Bxd5 Rxd5 35. Rxc8+ Kd7 36. Ra8 b6 37. Ra7+ Kd6 38.
Ne7 Rd1+ 39. Ke2 Rc1 40. Rb7 h5 41. Ng6 Rc2+ 42. Ke3 Ra2 43. Rxb6+ Kd7 44.
Ne5+ 1-0

[Event "38th Olympiad"]
[Site "Dresden GER"]
[Date "2008.11.19"]
[Round "6"]
[White "Gateri,M"]
[Black "Chimthere,A"]
[Result "0-1"]
[WhiteElo "2189"]
[BlackElo "1966"]
[EventDate "2008.11.13"]

1. d4 Nf6 2. c4 e6 3. Nc3 d5 4. Nf3 Be7 5. e3 O-O 6. Be2 c6 7. O-O Nbd7 8.
Rb1 dxc4 9. Bxc4 b5 10. Bd3 Bb7 11. b4 a5 12. a3 Qc7 13. Qc2 axb4 14. axb4
Rfc8 15. Ng5 h6 16. Nge4 Nb6 17. Nc5 Bxc5 18. dxc5 Nbd5 19. Ne2 Ra4 20. Bd2
Ng4 21. g3 Ne5 22. f4 Nxd3 23. Qxd3 Rd8 24. Qc2 Ra3 25. Nc3 e5 26. e4 Nf6
27. Bc1 Raa8 28. f5 Rd4 29. Qe2 Rc4 30. Rf3 Rd8 31. Re3 Rdd4 32. Ba3 Qd8
33. Rb2 h5 34. h3 Bc8 35. Qf3 Rd2 36. Rxd2 Qxd2 37. Rd3 Qe1+ 38. Qf1 Qxf1+
39. Kxf1 Bd7 40. Ke2 Nxe4 41. Nxb5 Bxf5 42. Rd8+ Kh7 43. Nd6 Rc2+ 44. Kd1
Nc3+ 45. Ke1 Re2+ 46. Kf1 Bxh3+ 47. Kg1 Rg2+ 48. Kf1 Ra2+ 49. Ke1 Re2+ 0-1

[Event "38th Olympiad"]
[Site "Dresden GER"]
[Date "2008.11.19"]
[Round "6"]
[White "Murara,M"]
[Black "Mannhart,M"]
[Result "0-1"]
[WhiteElo "1682"]
[BlackElo "2154"]
[EventDate "2008.11.13"]

1. e4 g6 2. Nf3 Bg7 3. d4 d6 4. Bc4 e6 5. O-O Nh6 6. Bg5 f6 7. Be3 Nf7 8.
Nbd2 O-O 9. c3 Qe7 10. Qc2 Nd7 11. h3 c6 12. Nh2 f5 13. Rae1 fxe4 14. f3
exf3 15. Rxf3 d5 16. Bd3 e5 17. dxe5 Ndxe5 18. Rff1 Nxd3 19. Qxd3 Bf5 20.
Qe2 Ne5 21. Bd4 Rae8 22. Nb3 b6 23. Qd2 Be4 24. Bxe5 Qxe5 25. Ng4 Qg3 26.
Nd4 Rxf1+ 27. Rxf1 c5 28. Nf3 Bxf3 29. Rxf3 Qe1+ 30. Qxe1 Rxe1+ 31. Kh2 Re2
32. Rf2 Rxf2 33. Nxf2 d4 34. c4 Kf7 35. Kg3 Ke6 36. Kf4 Bh6+ 37. Ke4 Kd6
38. b3 a6 39. a4 Bf8 40. Nd3 Bg7 41. Nf4 Bf6 42. Nd5 Bd8 43. Nf4 Bg5 44.
Nd3 Bf6 45. Kf4 Kc6 46. Ke4 b5 47. cxb5+ axb5 48. axb5+ Kxb5 49. Kd5 Be7
50. Ke6 Bd8 51. Kd5 Bb6 52. Ke6 c4 53. bxc4+ Kxc4 54. Ne5+ Kc3 55. Kf7 g5
56. Kg7 h5 57. Kg6 Bc7 58. Nf3 g4 59. hxg4 hxg4 60. Nxd4 Kxd4 61. g3 Ke4
62. Kg5 Kf3 63. Kh4 Bd8+ 64. Kh5 Kxg3 0-1

[Event "38th Olympiad"]
[Site "Dresden GER"]
[Date "2008.11.19"]
[Round "6"]
[White "Kabera,G"]
[Black "Guller,A"]
[Result "0-1"]
[WhiteElo "1949"]
[BlackElo "2117"]
[EventDate "2008.11.13"]

1. e4 c5 2. d4 cxd4 3. Qxd4 Nc6 4. Qd1 e6 5. Nc3 a6 6. Nf3 Qc7 7. a3 Nf6 8.
Bd3 d6 9. h3 Be7 10. Be3 b5 11. O-O Bb7 12. Rc1 O-O 13. Ne2 Na5 14. Ng3 Nc4
15. Bd4 e5 16. Bc3 Nxa3 17. Bxe5 dxe5 18. bxa3 Bxa3 19. Rb1 Rfd8 20. Qe2
Bf8 21. Qe3 h6 22. Nh4 Nh7 23. Kh1 Ng5 24. Nhf5 Bc8 25. f4 Bc5 26. Qc1 exf4
27. Rxf4 Bd6 28. Nxd6 Qxd6 29. Qf1 Ra7 30. Nf5 Bxf5 31. Rxf5 f6 32. Qf2 Re7
33. Qh4 Re5 34. Qg4 Rde8 35. Rxe5 Qxe5 36. Rb4 Qa1+ 37. Kh2 Qe5+ 38. Kh1
Ne6 39. Rb1 Nc5 40. Rd1 Nxd3 41. Rxd3 Qxe4 42. Qd7 Qe6 43. Qb7 Re7 44. Rd8+
Kh7 45. Qa8 Qe1+ 46. Kh2 Qe5+ 47. Kh1 Qg3 48. Rd1 Re1+ 49. Rxe1 Qxe1+ 50.
Kh2 Qe6 51. Qb7 f5 52. Kh1 Qe1+ 53. Kh2 Qe5+ 54. Kh1 a5 55. Qa8 a4 56. Qa5
Qc5 57. c3 Qc4 58. Kg1 Qb3 59. Kh2 a3 60. c4 a2 61. cxb5 Qb1 62. b6 a1=Q
63. Qc5 Qh1+ 64. Kg3 Qae1+ 0-1

[Event "38th Olympiad"]
[Site "Dresden GER"]
[Date "2008.11.19"]
[Round "6"]
[White "Ftacnik,L"]
[Black "Yarmonov,I"]
[Result "1-0"]
[WhiteElo "2571"]
[BlackElo "2322"]
[EventDate "2008.11.13"]

1. c4 Nf6 2. Nf3 e6 3. g3 Be7 4. Bg2 O-O 5. d4 d5 6. O-O Nbd7 7. Qc2 c6 8.
b3 Ne4 9. Bb2 f5 10. Nbd2 Qe8 11. Nxe4 fxe4 12. Nd2 Qh5 13. f3 e3 14. Nb1
dxc4 15. Qe4 Qh6 16. Bc1 cxb3 17. axb3 Nf6 18. Qxe3 Qxe3+ 19. Bxe3 Nd5 20.
Bf2 a5 21. Rc1 Bd7 22. Nd2 Ra6 23. Nc4 Rfa8 24. Bh3 Nb4 25. f4 Bf6 26. Nd6
b5 27. Ne4 Be7 28. Nc5 Bxc5 29. dxc5 a4 30. Rd1 Nd5 31. e4 Nf6 32. bxa4 Kf7
33. Bd4 Bc8 34. axb5 Rxa1 35. Rxa1 Rxa1+ 36. Bxa1 cxb5 37. Bxf6 gxf6 38.
Bf1 b4 39. Kf2 e5 40. Ke3 Ke7 41. fxe5 fxe5 42. Bc4 Bb7 43. Kd3 Bc6 44. g4
h6 45. h4 Kf6 46. Bd5 Bb5+ 47. Kc2 Ba4+ 48. Kb2 Bd1 49. Bb7 Bxg4 50. c6 1-0

[Event "38th Olympiad"]
[Site "Dresden GER"]
[Date "2008.11.19"]
[Round "6"]
[White "Bondarets,V"]
[Black "Markos,J"]
[Result "1/2-1/2"]
[WhiteElo "2345"]
[BlackElo "2557"]
[EventDate "2008.11.13"]

1. d4 Nf6 2. Nf3 g6 3. c4 Bg7 4. g3 c5 5. Bg2 Qa5+ 6. Bd2 Qb6 7. dxc5 Qxc5
8. Qb3 Nc6 9. O-O Ne4 10. Be3 Qh5 11. Nbd2 Nc5 12. Qa3 d6 13. Rfd1 O-O 14.
Rac1 a5 15. Nb3 Nxb3 16. Qxb3 a4 17. Qb6 Qa5 18. Qxa5 Rxa5 19. Nd4 Nxd4 20.
Bxd4 Bxd4 21. Rxd4 Be6 22. b4 axb3 23. axb3 Rfa8 24. h4 Ra2 25. Bxb7 Rb8
26. Bf3 Rxb3 27. c5 dxc5 28. Rxc5 Rb1+ 29. Kg2 Raa1 30. Bd5 Bxd5+ 31. Rcxd5
1/2-1/2

[Event "38th Olympiad"]
[Site "Dresden GER"]
[Date "2008.11.19"]
[Round "6"]
[White "Vavrak,P"]
[Black "Tocklin,T"]
[Result "1-0"]
[WhiteElo "2478"]
[BlackElo "1958"]
[EventDate "2008.11.13"]

1. d4 Nf6 2. c4 c5 3. d5 b5 4. cxb5 a6 5. bxa6 Bxa6 6. Nc3 d6 7. e4 Bxf1 8.
Kxf1 g6 9. Nge2 Bg7 10. h3 O-O 11. Kg1 Nbd7 12. Kh2 Qa5 13. Qc2 Rfb8 14.
Rb1 Nb6 15. b3 Nfd7 16. Rd1 Qa6 17. Bg5 Kf8 18. Qd2 Bh8 19. Kh1 Rb7 20. f4
Bg7 21. Rf1 Rc8 22. Rf3 Na8 23. Qe1 h6 24. Bh4 Nc7 25. Bg3 Nb5 26. Nxb5
Qxb5 27. e5 Qa6 28. Nc3 Nb8 29. f5 dxe5 30. fxg6 Qxg6 31. Bxe5 Bxe5 32.
Qxe5 Qg7 33. Qe6 Rd8 34. Rbf1 f6 35. Ne4 Nd7 36. d6 Re8 37. dxe7+ Rxe7 38.
Rxf6+ Nxf6 1-0